Loving each other for better and for best / (Record no. 9343)

MARC details
000 -LEADER
fixed length control field 01518nam a2200349Ii 4500
001 - CONTROL NUMBER
control field 29710021
003 - CONTROL NUMBER IDENTIFIER
control field OCoLC
005 - DATE AND TIME OF LATEST TRANSACTION
control field 20210112161924.0
008 - FIXED-LENGTH DATA ELEMENTS--GENERAL INFORMATION
fixed length control field 940131s1993 nyu 000 0 eng d
010 ## - LIBRARY OF CONGRESS CONTROL NUMBER
LC control number 92076130
020 ## - INTERNATIONAL STANDARD BOOK NUMBER
International Standard Book Number 0884860795
040 ## - CATALOGING SOURCE
Original cataloging agency EZW
Language of cataloging eng
Description conventions rda
Transcribing agency EZW
Modifying agency MAL
092 ## - LOCALLY ASSIGNED DEWEY CALL NUMBER (OCLC)
Classification number 646.78
Item number Sm1ℓo
100 1# - MAIN ENTRY--PERSONAL NAME
Personal name Smalley, Gary.
Authority record control number or standard number http://id.loc.gov/authorities/names/n80005346
245 10 - TITLE STATEMENT
Title Loving each other for better and for best /
Statement of responsibility, etc. Gary Smalley.
250 ## - EDITION STATEMENT
Edition statement First Inspirational Press edition.
264 #1 - PRODUCTION, PUBLICATION, DISTRIBUTION, MANUFACTURE, AND COPYRIGHT NOTICE
Place of production, publication, distribution, manufacture New York :
Name of producer, publisher, distributor, manufacturer Inspirational Press,
Date of production, publication, distribution, manufacture, or copyright notice [1993]
264 #4 - PRODUCTION, PUBLICATION, DISTRIBUTION, MANUFACTURE, AND COPYRIGHT NOTICE
Date of production, publication, distribution, manufacture, or copyright notice ©1993
300 ## - PHYSICAL DESCRIPTION
Extent 476 pages ;
Dimensions 24 cm
336 ## - CONTENT TYPE
Content type term text
Content type code txt
Source rdacontent
337 ## - MEDIA TYPE
Media type term unmediated
Media type code n
Source rdamedia
338 ## - CARRIER TYPE
Carrier type term volume
Carrier type code nc
Source rdacarrier
500 ## - GENERAL NOTE
General note Previously published in two separate vols.: Joy of committed love (rev. ed., 1988) and Joy that lasts (1988).
650 #0 - SUBJECT ADDED ENTRY--TOPICAL TERM
Topical term or geographic name entry element Marriage
General subdivision Religious aspects
-- Christianity.
Authority record control number or standard number http://id.loc.gov/authorities/subjects/sh2008107266
650 #0 - SUBJECT ADDED ENTRY--TOPICAL TERM
Topical term or geographic name entry element Marriage
Geographic subdivision United States.
Authority record control number or standard number http://id.loc.gov/authorities/subjects/sh85081428
650 #0 - SUBJECT ADDED ENTRY--TOPICAL TERM
Topical term or geographic name entry element Wives
Authority record control number or standard number http://id.loc.gov/authorities/subjects/sh85147187
Geographic subdivision United States.
Authority record control number or standard number http://id.loc.gov/authorities/names/n78095330
650 #0 - SUBJECT ADDED ENTRY--TOPICAL TERM
Topical term or geographic name entry element Husbands
Authority record control number or standard number http://id.loc.gov/authorities/subjects/sh85063215
Geographic subdivision United States.
Authority record control number or standard number http://id.loc.gov/authorities/names/n78095330
650 #0 - SUBJECT ADDED ENTRY--TOPICAL TERM
Topical term or geographic name entry element Christian life.
Authority record control number or standard number http://id.loc.gov/authorities/subjects/sh85025095
740 02 - ADDED ENTRY--UNCONTROLLED RELATED/ANALYTICAL TITLE
Uncontrolled related/analytical title Joy of committed love.
740 02 - ADDED ENTRY--UNCONTROLLED RELATED/ANALYTICAL TITLE
Uncontrolled related/analytical title Joy that lasts.
942 ## - ADDED ENTRY ELEMENTS (KOHA)
Source of classification or shelving scheme Dewey Decimal Classification
Koha item type Books
Holdings
Withdrawn status Lost status Source of classification or shelving scheme Damaged status Not for loan Collection code Home library Current library Shelving location Date acquired Total Checkouts Full call number Barcode Date last seen Price effective from Koha item type
    Dewey Decimal Classification     Non-fiction Harvest Mission College Harvest Mission College General Stacks 19.01.2021   646.78 SM635L 010683 19.01.2021 19.01.2021 Books

OPAC Designed and Maintained by HMC Library Team.
Copyright © HMC Library,Greater Noida, UP.
For any Suggestions/Query Contact library via Email:libhmc@gmail.com